000 00713nam a2200205 i 4500
001 Rebiun24955595
003 AR-RoIUNI
005 20211213161654.0
008 200316s2019 mx 001 0 spa d
020 _a9786074487213
040 _aUPCO
_cIUNIR
080 _a617-089 NEM
100 1 _aNemitz, Renee.
245 1 0 _aInstrumental quirúrgico
_cRenee Nemitz ; traducción Juan Roberto Palacios Martínez ; revisión técnica Judith Victoria Rosas Gómez ; editor responsable Martín Martínez Moreno.
250 _a2a. ed.
260 _aMéxico D.F. :
_bEditorial El Manual Moderno,
_c[2019]
300 _aXII, 364 . :
_bil. ;
_c28 cm
650 1 0 _aInstrumentación Quirúrgica
_9589
942 _2cdu
_cBK
999 _c5295
_d5295